000 00470nam a22001217a 4500
082 _a200 THE
100 _aMUHAMMAD SAMI-UZ-ZAMAN
_915482
245 _aTH-SOF-0925-INSPECTION AND ANALYSIS OF ELECTRIC HEATING ELEMENT PRODUCTUIN FACILITY AND VALIDATION OF A RECOMMENDED STRATEGY TO REDUCE REJECTIONS IN THE PRODUC TION LINE
260 _aNUST COLLEGE OF EME
_bISLAMABAD
_c2001
650 _aMS-EM-6 MSTHESIS
_970416
700 _aDR AKHTAR NAWAZ MALIK
_916099
942 _cCF
999 _c578569
_d578569